000 00931nam a2200265Ia 4500
003 OSt
005 20220923224319.0
006 a|||||r|||| 00| 0
007 ta
008 220922b |||||||| |||| 00| 0 hin d
024 _a231,018
037 _cTextual
040 _aARTS
_cARTS
_bhin
041 _2hin
_ahin
082 _aO152,1NSUx, J4
100 _aसुकुमार, चन्द्रभान
245 0 _aमेरे लिये सफर है आज की गजल
246 _aMere liye safar hai āj kī gajala
260 _aदेवरिया
_b अंचल प्रकाशन
_c1954
300 _a24पृ.
_ccm.
490 _aअंचलभारती पुस्तिका - 1
650 _aहिन्दी साहित्य
_9156264
942 _hO152,1NSUx, J4
_cTEXL
_2CC
999 _c370575
_d370575